| 000 | 00457nam a2200193Ia 4500 | ||
|---|---|---|---|
| 005 | 20240823015707.0 | ||
| 008 | 240823s9999||||xx |||||||||||||| ||und|| | ||
| 020 | _a81-87328-81-9 | ||
| 041 | _aENGLISH | ||
| 082 | _A620.1 P4 | ||
| 100 | _aPalanisamy P K | ||
| 245 | 0 | _aMaterials Science | |
| 250 | _a2nd | ||
| 260 |
_c2004 _b"Scitech,Ch" |
||
| 500 | _aYES | ||
| 650 |
_aMaterials Science _bAeronautical Engineering |
||
| 942 | _cBK | ||
| 999 |
_c173017 _d173017 |
||